00382nam a22001097a 4500082000800000100003500008245006300043260007900106300002600185500004700211650001400258 a543 aMeinke,W.WayneaTaylor ,John K aAnalytical Chemistry: Key to progress on National Problems aUnited statesbNational Bureau of Standards Special Publication 351c1972  a470pbHard Bind Cover aLibrary of congress card number -78-189152 aChemistry